00773nam a2200181Ia 4500999001700000082001200017100001800029245012200047260006300169300000900232650001600241650002800257650003400285710003400319942001200353952011300365952011300478 c11385d11385 aRP.0250 aPradeep Kumar 0aCentrifugalism in the federal polity in Indiab: a study of the socio-economic profile of the politics of Uttarakhand c1998bIndian Council of Social Science Research, New Delhi a51p. aUTTARAKHAND aELECTIONS - UTTARAKHAND aELECTORAL POLITICS//ELECTIONS aPunjab University, Chandigarh cRP2ddc 00104070aNASSDOCbNASSDOCd2004-10-08i2004-10-05l0oRP.0250p38114r2019-04-18 00:00:00w2019-04-18yRP 00104070aNASSDOCbNASSDOCd2004-10-08i2004-10-05l0oRP.0250p38115r2019-04-18 00:00:00w2019-04-18yBK